[Event "Challenge"]
[Site "http://www.queenalice.com/game.php?id=1191980"]
[Date "2013.6.18"]
[Round "-"]
[White "gigimatto"]
[Black "gambittree3"]
[Result "1-0"]
[WhiteElo "1351"]
[BlackElo "1314"]

1. e4 Nf6 2. Nc3 e5 3. Bc4 Bb4 4. d3 O-O 5. Ne2 Nc6 6. O-O Bd6 7. a3 Nd4 8. Nxd4
c5 9. Nf5 Bc7 10. Bg5 h6 11. Bh4 d6 12. Nd5 g6 13. Nxh6+ Kg7 14. Bxf6+ Kxh6 15.
Bxd8 Bxd8 16. Qd2+ Bg5 17. f4 Bd8 18. fxe5+ Kg7 19. exd6 Be6 20. Nf4 Bxc4 21.
dxc4 Rb8 22. d7 g5 23. Nh5+ Kg6 24. g4 b6 25. Qd6+ f6 26. Qxf8 f5 27. Qg7# 1-0

[Event "Let's Play Chess!"]
[Site "http://www.queenalice.com/game.php?id=1194086"]
[Date "2013.6.25"]
[Round "-"]
[White "gambittree3"]
[Black "magalhaes_br"]
[Result "0-1"]
[WhiteElo "1296"]
[BlackElo "1398"]

1. Nf3 Nc6 2. e4 Nf6 3. Bb5 a6 4. Bc4 e6 5. d3 Bb4+ 6. c3 Bd6 7. O-O Ne7 8. Bg5
h6 9. Nbd2 hxg5 10. Nxg5 Ng6 11. f3 Bf4 12. Nh3 Bh6 13. g3 O-O 14. f4 Nh8 15.
Nf3 b5 16. Bb3 Ne8 17. Ne5 Nd6 18. Ng4 Bb7 19. f5 exf5 20. Nxh6+ Kh7 21. Re1
gxh6 22. exf5 Nxf5 23. Re5 Ne7 24. Qh5 Neg6 25. Ng5+ Kg7 26. Rf1 d6 27. Bxf7
Nxf7 28. Re6 Qxg5 29. Qf3 Bxf3 30. Rxf3 Qc1+ 31. Rf1 Qxb2 32. Rf2 Qxc3 33. Re3
Qd4 34. Re4 Qxd3 35. Ree2 Rae8 36. Rd2 Re1+ 37. Kg2 Nfe5 38. h4 Nf3 39. Rxd3
Nfe5 40. Rxf8 Nxf8 41. a3 Nxd3 0-1

[Event "Let's Play Chess!"]
[Site "http://www.queenalice.com/game.php?id=1194117"]
[Date "2013.6.26"]
[Round "-"]
[White "gambittree3"]
[Black "vanillachess"]
[Result "0-1"]
[WhiteElo "1284"]
[BlackElo "1500"]

1. Nf3 c5 2. e4 d6 3. g3 Nf6 4. Bc4 Nxe4 5. Ng5 Nxg5 6. h4 Ne4 7. Qe2 Nf6 8. d3
h6 9. Bb5+ Bd7 10. Nd2 Bxb5 11. b3 Nc6 12. Bb2 e6 13. c3 Ne5 14. c4 Bc6 15.
O-O-O Bxh1 16. Rxh1 Qa5 17. Kc2 Be7 18. a4 Nc6 19. Bc3 Qb6 20. f3 Nd4+ 21. Bxd4
cxd4 22. Rb1 d5 23. g4 Rc8 24. h5 Nd7 25. b4 dxc4 26. a5 cxd3+ 27. Kxd3 Qb5+ 28.
Kxd4 Qxe2 29. Nc4 Rxc4# 0-1

[Event "Let's Play Chess!"]
[Site "http://www.queenalice.com/game.php?id=1194119"]
[Date "2013.6.26"]
[Round "-"]
[White "gambittree3"]
[Black "giorgiono"]
[Result "0-1"]
[WhiteElo "1329"]
[BlackElo "1236"]

1. Nf3 Nc6 2. c4 e5 3. Nc3 Bc5 4. g3 Nf6 5. Bg2 d6 6. O-O O-O 7. a3 Be6 8. b4
Bd4 9. Bb2 Bxc4 10. e3 Bb6 11. d3 Ba6 12. d4 Bxf1 13. Bxf1 exd4 14. exd4 Re8 15.
Qd3 Re6 16. Nb5 a6 17. Nc3 d5 18. Re1 Rd6 19. Bc1 Ba7 20. h3 Nh5 21. g4 Nf6 22.
Ne5 Bxd4 23. Ne2 Bxe5 24. f4 Ba1 25. Be3 Bb2 26. g5 Nh5 27. Rb1 Bf6 28. gxf6
Rxf6 29. f5 Ne5 30. Qd2 Nf3+ 31. Kf2 Nxd2 32. Rd1 Rxf5+ 33. Ke1 Nf3+ 34. Kf2
Nh4+ 35. Ke1 Re5 36. Bf2 Nf3# 0-1

[Event "Let's Play Chess!"]
[Site "http://www.queenalice.com/game.php?id=1194121"]
[Date "2013.6.26"]
[Round "-"]
[White "graewerld"]
[Black "gambittree3"]
[Result "1-0"]
[WhiteElo "1397"]
[BlackElo "1317"]

1. d3 b6 2. e4 Ba6 3. Nh3 e6 4. Bg5 Be7 5. Bf4 Bb4+ 6. c3 Bc5 7. Qf3 Qe7 8. d4
d6 9. Bg5 f6 10. e5 Bxd4 11. Qxa8 fxg5 12. Qxb8+ Kf7 13. cxd4 Bxf1 14. Rxf1 dxe5
15. a3 h6 16. Nc3 g6 17. Ne4 g4 18. Ng1 Rh7 19. Rc1 Nf6 20. Rxc7 Nd7 21. Nd6+
Qxd6 22. Qb7 Kf6 23. Rc8 Nf8 24. Qb8 Qxb8 25. Rxb8 Nd7 26. Rc8 exd4 27. Kd2 h5
28. Ne2 Ne5 29. Nxd4 Rd7 30. Rf8+ Nf7 31. Kd3 Rxd4+ 32. Kxd4 e5+ 33. Ke4 a5 34.
Rd1 Ke7 35. Rb8 Kf6 36. Rxb6+ Kg7 37. Rd7 h4 38. Rbb7 h3 39. g3 a4 40. Rxf7+ Kh6
41. Kxe5 Kh5 42. Kf4 g5+ 43. Kf5 Kh6 44. Rh7# 1-0

[Event "Challenge"]
[Site "http://www.queenalice.com/game.php?id=1195284"]
[Date "2013.6.29"]
[Round "-"]
[White "Rogerio11"]
[Black "gambittree3"]
[Result "1-0"]
[WhiteElo "1413"]
[BlackElo "1238"]

1. e4 b6 2. Bc4 e6 3. Qf3 Nf6 4. g4 Bb4 5. g5 Ng8 6. c3 Bd6 7. d4 Ne7 8. d5 Ng6
9. Nh3 Ba6 10. Bb3 c6 11. dxc6 Nxc6 12. Nd2 O-O 13. Nc4 f6 14. Nxd6 fxg5 15. Qg4
h6 16. f3 Nf4 17. a4 Ne5 18. Qg1 Nfd3+ 19. Kd2 Nxf3+ 20. Ke2 Nxg1+ 21. Rxg1 Nf4+
22. Kd2 Nxh3 23. Rg3 Nf4 24. c4 e5 25. c5+ Kh7 26. cxb6 Ne2 27. Bd5 Nxg3 28. Nf5
axb6 29. hxg3 Rc8 30. b3 Rxf5 31. exf5 1-0

[Event "Challenge"]
[Site "http://www.queenalice.com/game.php?id=1195285"]
[Date "2013.6.29"]
[Round "-"]
[White "Dulce"]
[Black "gambittree3"]
[Result "1-0"]
[WhiteElo "1298"]
[BlackElo "1320"]

1. d4 b6 2. Nf3 e6 3. e4 Bb4+ 4. Bd2 Bd6 5. Nc3 Nc6 6. Qe2 Nge7 7. e5 Bb4 8. a3
Ba5 9. Qd3 a6 10. Be2 d5 11. Ng5 h6 12. Nf3 Bxc3 13. Bxc3 Bb7 14. O-O Qd7 15.
Bb4 a5 16. Bxe7 Nxe7 17. b4 O-O-O 18. bxa5 Nf5 19. axb6 cxb6 20. Rab1 Qc7 21.
Nd2 g5 22. g3 Ne7 23. Bh5 Nf5 24. Nb3 Ne7 25. Bxf7 Nf5 26. Bxe6+ Kb8 27. Bxf5
Rhf8 28. g4 Rde8 29. f3 h5 30. Bg6 Re6 31. Bf5 Rc6 32. e6 hxg4 33. fxg4 Rxc2 34.
Qh3 Qc3 35. Qxc3 Rxc3 36. e7 Rh8 37. Bd7 Rh4 38. e8=Q+ 1-0

[Event "Challenge"]
[Site "http://www.queenalice.com/game.php?id=1195855"]
[Date "2013.6.30"]
[Round "-"]
[White "smalolepszy"]
[Black "gambittree3"]
[Result "1-0"]
[WhiteElo "1286"]
[BlackElo "1320"]

1. Nc3 Nf6 2. b4 g6 3. e4 Bg7 4. e5 Ng8 5. Nf3 f6 6. d4 Nc6 7. a3 b5 8. Bxb5 a6
9. Ba4 h6 10. b5 axb5 11. Bxb5 Ba6 12. Bxa6 e6 13. Bd3 Nge7 14. Be3 O-O 15. g4
fxe5 16. Nb5 Nd5 17. dxe5 Rxf3 18. Qxf3 Nxe5 19. Qe4 Nxd3+ 20. Qxd3 c6 21. Qxg6
Nxe3 22. fxe3 Qg5 23. Qxg5 hxg5 24. Nd4 e5 25. Nf3 1-0

[Event "Let's Play Chess!"]
[Site "http://www.queenalice.com/game.php?id=1195856"]
[Date "2013.7.4"]
[Round "-"]
[White "gambittree3"]
[Black "AsterixTwin"]
[Result "0-1"]
[WhiteElo "1284"]
[BlackElo "1500"]

1. Nf3 d5 2. d4 e6 3. c3 c5 4. g3 Nc6 5. Bg5 Nf6 6. Bg2 h6 7. Bc1 Bd6 8. a3 O-O
9. Nbd2 e5 10. b3 e4 11. Nh4 g5 12. f3 gxh4 13. O-O hxg3 14. fxe4 Nxe4 15. hxg3
Bxg3 16. Nxe4 dxe4 17. Qc2 Qh4 18. Bxh6 Qh2# 0-1

[Event "Let's Play Chess!"]
[Site "http://www.queenalice.com/game.php?id=1195857"]
[Date "2013.7.4"]
[Round "-"]
[White "AsterixTwin"]
[Black "gambittree3"]
[Result "1-0"]
[WhiteElo "1678"]
[BlackElo "1317"]

1. e4 Nf6 2. e5 Nd5 3. Nc3 Nb6 4. d4 Nc6 5. f4 e6 6. Nf3 Qe7 7. d5 g6 8. dxc6
bxc6 9. Be3 Bg7 10. Be2 O-O 11. O-O a6 12. Ne4 d5 13. exd6 cxd6 14. Bxb6 Rb8 15.
Bd4 Bxd4+ 16. Qxd4 d5 17. Nf6+ Kh8 18. Nd7+ f6 19. Nxb8 Bb7 20. Nxa6 e5 21. fxe5
fxe5 22. Qxe5+ Qg7 23. Qxg7+ Kxg7 24. Nc5 Bc8 25. a4 Bg4 26. Nd4 Bxe2 27. Rxf8
Kxf8 28. Nxe2 1-0

[Event "Let's Play Chess!"]
[Site "http://www.queenalice.com/game.php?id=1195858"]
[Date "2013.7.1"]
[Round "-"]
[White "gambittree3"]
[Black "Luan7789101"]
[Result "1-0"]
[WhiteElo "1317"]
[BlackElo "1180"]

1. Nf3 Nf6 2. d3 d5 3. Bg5 Nc6 4. g3 Bg4 5. Bxf6 exf6 6. h3 Bb4+ 7. Nfd2 Nd4 8.
c3 Qe7 9. cxd4 Bxd2+ 10. Nxd2 Bxe2 11. Bxe2 Qxe2+ 12. Qxe2+ Kf8 13. Kf1 Re8 14.
Qg4 g5 15. h4 h5 16. Qd7 gxh4 17. gxh4 Re7 18. Qd8+ Re8 19. Qxc7 Re7 20. Qc8+
Kg7 21. Rg1+ Kh7 22. Qf5+ Kh6 23. Qf4+ Kh7 24. Qf5+ Kh6 25. Rg5 fxg5 26. Qxg5+
Kh7 27. Qxe7 Rg8 28. Qxb7 Rg7 29. Qxd5 f6 30. Qf5+ Rg6 31. Qxh5+ Rh6 32. Qf7+
Kh8 33. Qxa7 Rxh4 34. Rc1 Rh1+ 35. Ke2 Rxc1 36. d5 f5 37. f4 Rc2 38. d6 Rc8 39.
d7 Rd8 40. b4 Kg7 41. b5 Kg6 42. Nc4 Kh5 43. Qc7 Rxd7 44. Qxd7 Kg4 45. Ne5+ Kxf4
46. d4 Ke4 47. b6 f4 48. b7 f3+ 49. Kf2 Kf4 50. b8=Q Ke4 51. Qh7+ Kxd4 52. Nxf3+
Kc3 53. Qb3# 1-0

[Event "Let's Play Chess!"]
[Site "http://www.queenalice.com/game.php?id=1195859"]
[Date "2013.7.1"]
[Round "-"]
[White "digger"]
[Black "gambittree3"]
[Result "1-0"]
[WhiteElo "1517"]
[BlackElo "1328"]

1. e4 e6 2. d4 Bb4+ 3. Bd2 Be7 4. e5 b6 5. Qf3 f6 6. Qxa8 Nc6 7. Bb5 a6 8. Bxa6
Bxa6 9. Qxa6 fxe5 10. dxe5 Nb8 11. Qa8 d6 12. exd6 Bxd6 13. Nc3 Ne7 14. Bg5 h6
15. Bxe7 Bxe7 16. Qe4 Nd7 17. O-O-O Nf6 18. Qc6+ Nd7 19. Nb5 O-O 20. Nxc7 Rxf2
21. Nxe6 Qe8 22. b3 Rxg2 23. Qxg2 Bg5+ 24. Nxg5 hxg5 25. Nh3 Nf8 26. Qd5+ Ne6
27. Nxg5 g6 28. Nxe6 g5 29. Nxg5+ Kg7 30. Ne6+ Kh7 31. Qf5+ Qg6 32. Nf8+ Kh6 33.
Qxg6# 1-0

[Event "Challenge"]
[Site "http://www.queenalice.com/game.php?id=1198972"]
[Date "2013.7.11"]
[Round "-"]
[White "magalhaes_br"]
[Black "gambittree3"]
[Result "1-0"]
[WhiteElo "1369"]
[BlackElo "1303"]

1. e4 e6 2. Nc3 Bb4 3. a3 Bd6 4. Nf3 b6 5. d3 Ba6 6. Bg5 f6 7. Be3 Ne7 8. Ne2 c5
9. c4 O-O 10. Ng3 Nbc6 11. Be2 Bxg3 12. fxg3 h6 13. Rb1 b5 14. h4 Qa5+ 15. Nd2
Qc7 16. Bf2 e5 17. Nf3 b4 18. Bxc5 Nc8 19. Ra1 d6 20. Be3 N8e7 21. O-O Ng6 22.
Qa4 Bc8 23. axb4 Bg4 24. b5 Na5 25. b4 Bd7 26. bxa5 Rfb8 27. Rab1 a6 28. Bb6
Bxb5 29. Qb4 Rxb6 30. axb6 Qxb6+ 31. Rf2 a5 32. Qe1 Rb8 33. cxb5 a4 34. Qd2 Ne7
35. Ne1 d5 36. Bh5 a3 37. Nc2 a2 38. Ra1 1-0